000 00387nam a22001577a 4500
005 20231121091942.0
008 231113b |||||||| |||| 00| 0 eng d
082 _a658.4052
_bGRI-L
100 _aGrint, Keith
245 _aLeadership :
_bLimits and Possibilities
260 _aChina
_bPalgrave
_c2005
300 _a182
500 _aInclude Index
650 _aManagement
999 _c34714
_d34714